| 000 | 00683nam a2200205 4500 | ||
|---|---|---|---|
| 001 | 121143 | ||
| 003 | ES-MaACL | ||
| 005 | 20230906191710.0 | ||
| 007 | t| | ||
| 008 | 070214m19431944mx r ||||1| spa d | ||
| 245 | 0 | 4 |
_aLos presocráticos / _ctraducción, prólogo y notas de Juan David García Bacca. |
| 250 | _a1ª ed. | ||
| 260 |
_aMéxico : _bEl Colegio [etc.], _c1943-44. |
||
| 300 |
_a2 v. ; _c18 cm. |
||
| 490 | 1 |
_aColección de textos clásicos de Filosofía ; _v6 y 7 |
|
| 700 | 1 |
_aGarcía Bacca, Juan David. _954205 |
|
| 830 | 0 |
_aColección de textos clásicos de Filosofía ; _v6 y 7 _9231755 |
|
| 852 |
_aES-MaACL _jC-4893-94 _bR.25461 |
||
| 999 |
_c121143 _d121143 |
||